000
00290nam a22001217a 4500
008
171124b xxu||||| |||| 00| 0 eng d
041
_a
eng
080
_a
62
100
_a
26
101
_a
IM
245
_a
THE FIRE OF LIFE AN INTRODUCTION TO ANIMAL ENERGETICS
_c
KLEIBER,M
942
_2
udc
_c
BK
999
_c
38418
_d
38418